| 000 | 00358nam a2200145Ia 4500 | ||
|---|---|---|---|
| 008 | 220405s9999||||xx |||||||||||||| ||und|| | ||
| 020 | _a9781848457119 | ||
| 082 | _a823 SNO | ||
| 100 |
_aSnoekstra, Anna _910602 |
||
| 245 | 0 | _aLittle secrets | |
| 260 |
_aHQ _bUK _c2017 |
||
| 300 |
_a330p. _bRs.399 |
||
| 650 | _aGENERAL BOOKS | ||
| 942 | _cSpecial Collection | ||
| 999 |
_c189660 _d189660 |
||